000 00400nam a2200145Ia 4500
008 100122s9999 xx 000 0 und d
082 _b30411
_a823
100 _aगोगटे शकुंतला
245 _aसार्थक
260 _bमनोरमा प्रकाशन
_c1905
300 _a151
630 _aसार्थक
730 _aसार्थक
942 _cBOOK
999 _c415278
_d415275